Krym sa opäť dostal do veľkej hry
Problematika Krymu, ktorý sa vlani pričlenil k Rusku, ako jadro sporov medzi Ruskom a Západom. Svojvoľné vyhlásenie Doneckej ľudovej republiky a Luhanskej ľudovej republiky. Nedotknuteľný Krym. Na obzore Podnestersko.
Uložené v:
| Hlavný autor: | |
|---|---|
| Médium: | Kapitola |
| Jazyk: | Slovak |
| Predmet: | |
| Tagy: |
Žiadne tagy, Buďte prvý, kto otaguje tento záznam!
|
MARC
| LEADER | 00000naa a2200000 4500 | ||
|---|---|---|---|
| 001 | 0204213 | ||
| 005 | 20231113103303.5 | ||
| 041 | 0 | |a slo | |
| 044 | |a SK | ||
| 245 | 1 | 0 | |a Krym sa opäť dostal do veľkej hry |c Adrian Peter Pressburg |
| 520 | |a Problematika Krymu, ktorý sa vlani pričlenil k Rusku, ako jadro sporov medzi Ruskom a Západom. Svojvoľné vyhlásenie Doneckej ľudovej republiky a Luhanskej ľudovej republiky. Nedotknuteľný Krym. Na obzore Podnestersko. | ||
| 610 | 2 | 0 | |a politika vnútorná |
| 610 | 2 | 0 | |a politika zahraničná |
| 610 | 2 | 0 | |a konflikty |
| 610 | 2 | 0 | |a Rusko |
| 610 | 2 | 0 | |a Ukrajina |
| 100 | 1 | |a Pressburg, Adrian Peter | |